[Event "SRB Team Chmp 2007"]
[Site "Zlatibor"]
[Date "2007.08.22"]
[Round "2.1"]
[White "Maksimenko, Andrei"]
[Black "Sakaev, Konstantin"]
[Result "1/2-1/2"]
[WhiteElo "2505"]
[BlackElo "2634"]
[PlyCount "28"]
[EventDate "2007.08.21"]

1. d4 Nf6 2. Nf3 e6 3. c4 b6 4. g3 Ba6 5. b3 Bb4+ 6. Bd2 Be7 7. Bg2 d5 8. cxd5
exd5 9. Nc3 O-O 10. O-O Bb7 11. Bf4 Nh5 12. Ne5 Nxf4 13. gxf4 c6 14. e3 Nd7
1/2-1/2

[Event "SRB Team Chmp 2007"]
[Site "Zlatibor"]
[Date "2007.08.22"]
[Round "2.1"]
[White "Vuckovic, Bojan"]
[Black "Bogosavljevic, Boban"]
[Result "0-1"]
[WhiteElo "2563"]
[BlackElo "2491"]
[PlyCount "104"]
[EventDate "2007.08.21"]

1. e4 c5 2. Nf3 Nc6 3. d4 cxd4 4. Nxd4 Nf6 5. Nc3 e5 6. Ndb5 d6 7. Bg5 a6 8.
Na3 b5 9. Nd5 Be7 10. Bxf6 Bxf6 11. c3 O-O 12. Nc2 Bg5 13. a4 bxa4 14. Rxa4 a5
15. Bc4 Rb8 16. b3 Kh8 17. Qe2 g6 18. O-O Bh6 19. Rd1 f5 20. b4 axb4 21. cxb4
fxe4 22. b5 Na5 23. Ba2 Nb7 24. Rxe4 Nc5 25. Rxe5 Bg4 26. Qxg4 dxe5 27. Bc4 Na4
28. Ncb4 Nb2 29. Rb1 Nxc4 30. Qxc4 Qc8 31. Nc6 Qf5 32. Rf1 Rb7 33. b6 e4 34.
Nd4 Qe5 35. Nc6 Qf5 36. Nd4 Qe5 37. Nc6 Qd6 38. Ncb4 Qe6 39. Re1 Qf5 40. Re2
Rc8 41. Qd4+ Bg7 42. Qd1 Rd7 43. Rd2 Qe5 44. g3 Bh6 45. Qg4 Bxd2 46. Qxd7 Rf8
47. Nc6 Qa1+ 48. Kg2 e3 49. Nf4 exf2 50. Kxf2 Qe1+ 51. Kg2 Qe4+ 52. Kh3 Bxf4
0-1

[Event "SRB Team Chmp 2007"]
[Site "Zlatibor"]
[Date "2007.08.22"]
[Round "2.1"]
[White "Rajkovic, Dusan"]
[Black "Abramovic, Bosko"]
[Result "1/2-1/2"]
[WhiteElo "2522"]
[BlackElo "2516"]
[PlyCount "22"]
[EventDate "2007.08.21"]

1. d4 Nf6 2. c4 e6 3. Nf3 b6 4. g3 Bb7 5. Bg2 Be7 6. Nc3 Ne4 7. Bd2 Bf6 8. Qc2
Nxd2 9. Qxd2 d6 10. O-O Nd7 11. Rac1 O-O 1/2-1/2

[Event "SRB Team Chmp 2007"]
[Site "Zlatibor"]
[Date "2007.08.22"]
[Round "2.1"]
[White "Benkovic, Petar"]
[Black "Arsovic, Zoran"]
[Result "1/2-1/2"]
[WhiteElo "2465"]
[BlackElo "2451"]
[PlyCount "37"]
[EventDate "2007.08.21"]

1. Nf3 c5 2. c4 Nf6 3. Nc3 Nc6 4. d4 cxd4 5. Nxd4 e6 6. a3 Be7 7. e4 O-O 8. Nb3
b6 9. Be2 Ba6 10. f4 d6 11. Be3 Rc8 12. O-O Nb8 13. Nd2 Nbd7 14. Rc1 Bb7 15.
Bf3 Qc7 16. Bf2 a6 17. Qe2 Rfe8 18. Rfe1 Bf8 19. b4 1/2-1/2

[Event "SRB Team Chmp 2007"]
[Site "Zlatibor"]
[Date "2007.08.22"]
[Round "2.2"]
[White "Ivanovic, Bozidar"]
[Black "Damljanovic, Branko"]
[Result "1/2-1/2"]
[WhiteElo "2426"]
[BlackElo "2606"]
[PlyCount "25"]
[EventDate "2007.08.21"]

1. e4 c5 2. Nf3 e6 3. d4 cxd4 4. Nxd4 a6 5. Nc3 Qc7 6. Bd3 Nc6 7. Nxc6 bxc6 8.
O-O Nf6 9. Re1 e5 10. Na4 Be7 11. c4 c5 12. Nc3 d6 13. Bg5 1/2-1/2

[Event "SRB Team Chmp 2007"]
[Site "Zlatibor"]
[Date "2007.08.22"]
[Round "2.2"]
[White "Ivanisevic, Ivan"]
[Black "Matulovic, Milan"]
[Result "1-0"]
[WhiteElo "2595"]
[BlackElo "2389"]
[PlyCount "55"]
[EventDate "2007.08.21"]

1. Nf3 Nf6 2. c4 c6 3. d4 d5 4. Nc3 dxc4 5. a4 Bf5 6. g3 e6 7. Bg2 Bb4 8. O-O
Ne4 9. Nh4 Nxc3 10. bxc3 Bxc3 11. Nxf5 exf5 12. Rb1 O-O 13. Qc2 Bxd4 14. Ba3
Re8 15. Rfd1 Qf6 16. Qxc4 Bb6 17. a5 Bxa5 18. Rxb7 Qe6 19. Qxe6 Rxe6 20. e3 Na6
21. Rdd7 Bb6 22. Rxf7 Rg6 23. Bxc6 Bc5 24. Bd5 Bxa3 25. Rxg7+ Kf8 26. Rbf7+ Ke8
27. Bxa8 Rxg7 28. Rxg7 1-0

[Event "SRB Team Chmp 2007"]
[Site "Zlatibor"]
[Date "2007.08.22"]
[Round "2.2"]
[White "Djuric, Stefan"]
[Black "Iordachescu, Viorel"]
[Result "1/2-1/2"]
[WhiteElo "2472"]
[BlackElo "2584"]
[PlyCount "136"]
[EventDate "2007.08.21"]

1. e4 c6 2. Nc3 d5 3. Nf3 Bg4 4. h3 Bxf3 5. Qxf3 Nf6 6. d4 dxe4 7. Qe3 Nd5 8.
Qxe4 e6 9. Bc4 Be7 10. O-O Nd7 11. Qg4 O-O 12. Bh6 Bf6 13. Rad1 Kh8 14. Bc1 Be7
15. Ne2 N7f6 16. Qf3 Qc7 17. Bb3 Rad8 18. c4 Nb6 19. Bf4 Qc8 20. Rfe1 Kg8 21.
a3 Rd7 22. Nc3 Qd8 23. Be5 a6 24. Qe3 Nc8 25. c5 b6 26. Qg3 g6 27. Qf3 bxc5 28.
dxc5 Rxd1 29. Rxd1 Nd5 30. Bc4 Bxc5 31. Ne4 Be7 32. Bxa6 Ncb6 33. b4 Nd7 34.
Bb2 f5 35. Ng3 Bf6 36. Qe2 Bxb2 37. Qxb2 Qc7 38. Re1 e5 39. Rc1 e4 40. Qd4 N7f6
41. Bc4 Qd6 42. Bb3 Kg7 43. Rc5 Ra8 44. b5 Rxa3 45. Rxc6 Qb4 46. Rc7+ Kh6 47.
Qxb4 Nxb4 48. Bc4 Ra1+ 49. Kh2 Rb1 50. Ne2 Nd3 51. Nc3 Rb2 52. Rc6 Ne5 53. Rxf6
Nxc4 54. Rc6 Ne5 55. Re6 Nd3 56. b6 Nxf2 57. Nd5 Nd3 58. Re7 Kg5 59. Rxh7 f4
60. b7 f3 61. h4+ Kg4 62. Ne3+ Kf4 63. Nd1 Rb4 64. Rf7+ Ke5 65. gxf3 exf3 66.
Kg3 Ke6 67. Rxf3 Nc5 68. Nf2 Rxb7 1/2-1/2

[Event "SRB Team Chmp 2007"]
[Site "Zlatibor"]
[Date "2007.08.22"]
[Round "2.2"]
[White "Arsovic, Goran"]
[Black "Stojanovic, Mihajlo"]
[Result "1/2-1/2"]
[WhiteElo "2470"]
[BlackElo "2601"]
[PlyCount "22"]
[EventDate "2007.08.21"]

1. d4 Nf6 2. Nf3 e6 3. c4 d5 4. Nc3 Be7 5. Bg5 h6 6. Bh4 O-O 7. e3 b6 8. Rb1
Nbd7 9. cxd5 Nxd5 10. Bxe7 Nxe7 11. Be2 c5 1/2-1/2

[Event "SRB Team Chmp 2007"]
[Site "Zlatibor"]
[Date "2007.08.22"]
[Round "2.2"]
[White "Lajthajm, Borko"]
[Black "Rmus, Anto"]
[Result "1-0"]
[WhiteElo "2511"]
[BlackElo "2376"]
[PlyCount "97"]
[EventDate "2007.08.21"]

1. d4 d5 2. c4 c6 3. Nf3 Nf6 4. Nc3 dxc4 5. a4 Bf5 6. e3 e6 7. Bxc4 Bb4 8. O-O
Nbd7 9. h3 Bg6 10. Qb3 Qb6 11. Nh4 Be7 12. Nxg6 hxg6 13. Qc2 g5 14. a5 Qc7 15.
a6 b5 16. Be2 b4 17. Ne4 g4 18. Ng5 Nh5 19. Nxe6 fxe6 20. Bxg4 Nf8 21. Qc4 Nf6
22. Bf3 Rc8 23. Bd2 Nd5 24. Rfc1 Qd7 25. Qb3 Ng6 26. Bg4 Nf8 27. Rc2 Nf6 28.
Bf3 Kf7 29. Rac1 Nd5 30. e4 Nb6 31. Bxb4 Qxd4 32. Ba5 Nfd7 33. Bg4 Qe5 34. Bc3
Nc5 35. Qxb6 axb6 36. Bxe5 Nd3 37. Rxc6 Rxc6 38. Rxc6 Nxe5 39. Bxe6+ Kf6 40.
Bd5+ Nxc6 41. Bxc6 Bd6 42. a7 Be5 43. b3 Rd8 44. g3 g5 45. a8=Q Rxa8 46. Bxa8
Bd4 47. Kg2 Ke5 48. h4 g4 49. Bb7 1-0

[Event "SRB Team Chmp 2007"]
[Site "Zlatibor"]
[Date "2007.08.22"]
[Round "2.3"]
[White "Postny, Evgeny"]
[Black "Kosic, Dragan"]
[Result "1/2-1/2"]
[WhiteElo "2598"]
[BlackElo "2501"]
[PlyCount "140"]
[EventDate "2007.08.21"]

1. d4 e6 2. c4 Nf6 3. Nf3 Bb4+ 4. Bd2 Bxd2+ 5. Qxd2 O-O 6. g3 d5 7. Bg2 Qe7 8.
O-O Rd8 9. Na3 Nc6 10. Rfd1 Bd7 11. Rac1 Be8 12. Qc2 Rac8 13. Qb1 Nb4 14. cxd5
exd5 15. Nc2 Nxc2 16. Qxc2 Bd7 17. Ne5 Be6 18. Qc5 Qxc5 19. Rxc5 c6 20. Ra5 a6
21. e3 Nd7 22. Nxd7 Bxd7 23. Rc1 Kf8 24. f3 f5 25. h3 g6 26. Kf2 h5 27. f4 Ke7
28. Bf3 Rh8 29. Ra3 Kd6 30. Rb3 Rc7 31. Rg1 Be6 32. Rg2 Re7 33. Rc3 Bd7 34. Rg1
Rg7 35. b4 Rgh7 36. a4 Ra8 37. Rb1 Re7 38. Be2 Rh7 39. Rb2 Rhh8 40. Ra3 Ra7 41.
Ra1 Raa8 42. Rc1 Ra7 43. Rg1 Raa8 44. Ke1 Rh7 45. Kd2 Rhh8 46. Rbb1 Rh7 47. Rg2
Re8 48. Bd3 Rh6 49. Rbg1 Kc7 50. Be2 Kd6 51. a5 Re7 52. Bd3 Re8 53. Ke2 Re7 54.
Kf2 Re8 55. Be2 Re7 56. Bf3 Rh8 57. g4 hxg4 58. hxg4 Rh6 59. Rg3 Rh2+ 60. R1g2
Reh7 61. Rxh2 Rxh2+ 62. Rg2 Rxg2+ 63. Kxg2 Ke7 64. Kg3 Be8 65. gxf5 gxf5 66.
Kh4 Kf6 67. Be2 Bf7 68. Bh5 Bg6 69. Bd1 Bf7 70. Bh5 Bg6 1/2-1/2

[Event "SRB Team Chmp 2007"]
[Site "Zlatibor"]
[Date "2007.08.22"]
[Round "2.3"]
[White "Dragojlovic, Andjelko"]
[Black "Paunovic, Dragan"]
[Result "1-0"]
[WhiteElo "2432"]
[BlackElo "2531"]
[PlyCount "68"]
[EventDate "2007.08.21"]

1. e4 c5 2. Nf3 e6 3. d3 Nc6 4. g3 Nge7 5. Bg2 g6 6. h4 h6 7. O-O Bg7 8. c3 d5
9. exd5 exd5 10. Re1 O-O 11. Bf4 Be6 12. Nbd2 Qd7 13. Ne5 Nxe5 14. Bxe5 f6 15.
Bf4 Rae8 16. d4 cxd4 17. Nb3 Bf7 18. Nxd4 Nc6 19. Nxc6 bxc6 20. Qd2 g5 21. hxg5
fxg5 22. Be3 Re7 23. Bc5 Rxe1+ 24. Rxe1 Re8 25. Rxe8+ Bxe8 26. Qe3 a5 27. Bh3
Qxh3 28. Qxe8+ Kh7 29. Qxc6 Qf5 30. Qb7 Kg6 31. Qa6+ Kh7 32. Qa7 Kg6 33. Qxa5
h5 34. Qb6+ Kh7 1-0

[Event "SRB Team Chmp 2007"]
[Site "Zlatibor"]
[Date "2007.08.22"]
[Round "2.3"]
[White "Djukic, Zeljko"]
[Black "Grujic, Zoran"]
[Result "1/2-1/2"]
[WhiteElo "2402"]
[BlackElo "2362"]
[PlyCount "46"]
[EventDate "2007.08.21"]

1. d4 Nf6 2. c4 g6 3. Nc3 Bg7 4. e4 d6 5. f4 O-O 6. Nf3 c5 7. d5 e6 8. Be2 exd5
9. cxd5 Bg4 10. O-O Nbd7 11. h3 Bxf3 12. Bxf3 Ne8 13. Kh1 Nc7 14. a4 a6 15. Qc2
Rb8 16. b3 b5 17. Bb2 Re8 18. g3 bxa4 19. Rxa4 Rb6 20. Be2 Qb8 21. Bc4 Nb5 22.
Bxb5 axb5 23. Ra2 Bd4 1/2-1/2

[Event "SRB Team Chmp 2007"]
[Site "Zlatibor"]
[Date "2007.08.22"]
[Round "2.3"]
[White "Kizov, Atanas"]
[Black "Dujkovic, Sinisa"]
[Result "1/2-1/2"]
[WhiteElo "2396"]
[BlackElo "2407"]
[PlyCount "91"]
[EventDate "2007.08.21"]

1. d4 Nf6 2. c4 g6 3. Nf3 Bg7 4. g3 O-O 5. Bg2 d6 6. O-O Nc6 7. Nc3 a6 8. h3
Bd7 9. e4 e5 10. dxe5 dxe5 11. Re1 h6 12. Nd5 Nh7 13. Be3 Ng5 14. Nxg5 hxg5 15.
Qb3 Rb8 16. Rad1 Nd4 17. Bxd4 exd4 18. e5 c6 19. Nb6 Be6 20. Qb4 Qc7 21. Qc5
Rfd8 22. Nd5 Bxd5 23. cxd5 Bxe5 24. dxc6 Bf6 25. Rc1 bxc6 26. Qxc6 Qxc6 27.
Rxc6 Kg7 28. b3 a5 29. Bf1 Rbc8 30. Rxc8 Rxc8 31. Bc4 Rc7 32. Kf1 Be7 33. Re5
Bb4 34. Rxg5 f5 35. h4 Be7 36. Ke2 Bxg5 37. hxg5 Kf8 38. Kd3 Rd7 39. a3 Ke7 40.
Bb5 Rd6 41. Bc4 Kd7 42. Bf7 Kc6 43. Be8+ Kc5 44. Bf7 Kb5 45. Be8+ Kc5 46. Bf7
1/2-1/2

[Event "SRB Team Chmp 2007"]
[Site "Zlatibor"]
[Date "2007.08.22"]
[Round "2.3"]
[White "Krnic, Zdenko"]
[Black "Bulajic, Ratko"]
[Result "0-1"]
[WhiteElo "2385"]
[BlackElo "2321"]
[PlyCount "80"]
[EventDate "2007.08.21"]

1. Nf3 d6 2. d4 Nf6 3. c4 g6 4. b4 a5 5. b5 Bg7 6. Bb2 O-O 7. e3 a4 8. Be2 e5
9. dxe5 Ng4 10. O-O Nd7 11. Qc2 Ngxe5 12. Nxe5 Bxe5 13. Bxe5 dxe5 14. Nc3 Nc5
15. Rad1 Qh4 16. g3 Qh3 17. Rd5 b6 18. Rxe5 Be6 19. Nd5 f6 20. Nf4 Qxf1+ 21.
Kxf1 fxe5 22. Nxe6 Nxe6 23. Qe4 Rae8 24. Qxe5 Rf5 25. Qe4 Kf7 26. Kg2 Nf4+ 27.
Qxf4 Rxf4 28. gxf4 Rd8 29. Kf3 Rd2 30. c5 bxc5 31. Bc4+ Ke7 32. h4 h6 33. Ke4
Rxf2 34. Kd5 Rf3 35. Bd3 Kf6 36. Bc2 Rxe3 37. Bxa4 c4 38. Kc6 Ra3 39. Bd1 Rxa2
40. Kxc7 c3 0-1

[Event "SRB Team Chmp 2007"]
[Site "Zlatibor"]
[Date "2007.08.22"]
[Round "2.3"]
[White "Brajic, Miloje"]
[Black "Krstic, Petar"]
[Result "1-0"]
[WhiteElo "2232"]
[BlackElo "2327"]
[PlyCount "55"]
[EventDate "2007.08.21"]

1. e4 c5 2. Nf3 d6 3. d4 cxd4 4. Nxd4 Nf6 5. Nc3 a6 6. Bd3 Nc6 7. Nxc6 bxc6 8.
O-O e5 9. Kh1 Be7 10. f4 exf4 11. Bxf4 Be6 12. Qe2 Qb6 13. e5 dxe5 14. Bxe5 O-O
15. Bxf6 Bxf6 16. Qe4 Rfd8 17. Qxh7+ Kf8 18. Rae1 Ke7 19. Bc4 Qxb2 20. Bxe6
Qxc3 21. Bb3+ Kd6 22. Qf5 Rh8 23. Qf4+ Kc5 24. Re4 Bd4 25. Qc7 g6 26. Bxf7 Rhf8
27. Rd1 Rfd8 28. Rexd4 1-0

[Event "SRB Team Chmp 2007"]
[Site "Zlatibor"]
[Date "2007.08.22"]
[Round "2.4"]
[White "Blagojevic, Dragisa"]
[Black "Pavlovic, Milos"]
[Result "1/2-1/2"]
[WhiteElo "2502"]
[BlackElo "2541"]
[PlyCount "63"]
[EventDate "2007.08.21"]

1. d4 g6 2. c4 Bg7 3. Nf3 d6 4. Nc3 Nf6 5. g3 O-O 6. Bg2 Nc6 7. O-O Bg4 8. d5
Na5 9. b3 c5 10. Bb2 a6 11. Nd2 Rb8 12. Qc2 b5 13. Rfe1 e5 14. dxe6 Bxe6 15.
cxb5 axb5 16. Nde4 b4 17. Nxf6+ Qxf6 18. Nd1 Qe7 19. Ne3 Bxb2 20. Qxb2 c4 21.
bxc4 Nxc4 22. Nxc4 Bxc4 23. Qd4 Rfc8 24. Rac1 Qe6 25. Bh3 Qxh3 26. Rxc4 Rxc4
27. Qxc4 Qc8 28. Qb3 Qc3 29. Rd1 Rc8 30. Rxd6 Qe1+ 31. Kg2 Qxe2 32. Qxb4
1/2-1/2

[Event "SRB Team Chmp 2007"]
[Site "Zlatibor"]
[Date "2007.08.22"]
[Round "2.4"]
[White "Brenjo, Slavisa"]
[Black "Antic, Dejan"]
[Result "1/2-1/2"]
[WhiteElo "2485"]
[BlackElo "2468"]
[PlyCount "109"]
[EventDate "2007.08.21"]

1. e4 c5 2. Nf3 Nf6 3. e5 Nd5 4. Nc3 e6 5. Nxd5 exd5 6. d4 Nc6 7. c3 d6 8. Bb5
Be7 9. exd6 Qxd6 10. dxc5 Qxc5 11. Qd3 O-O 12. Be3 Qd6 13. O-O-O Rd8 14. Ba4
Bg4 15. Bb3 Be6 16. h4 Rac8 17. Ng5 Bxg5 18. hxg5 g6 19. Rh4 Qe5 20. f4 Qe4 21.
Qxe4 dxe4 22. Rdh1 Bxb3 23. axb3 h5 24. g4 Rd3 25. R4h3 Kg7 26. gxh5 gxh5 27.
f5 Rh8 28. Kc2 a6 29. R1h2 f6 30. Bc1 fxg5 31. Bxg5 Rxh3 32. Rxh3 Ne5 33. Re3
Nf3 34. Be7 Kf7 35. Rxe4 h4 36. Bd6 h3 37. Re7+ Kf6 38. Rxb7 Kxf5 39. Rf7+ Ke4
40. Re7+ Kd5 41. Bf4 h2 42. Bxh2 Rxh2+ 43. Kb1 Ne5 44. Ka2 Nd3 45. Rd7+ Ke4 46.
Ka3 Ke3 47. Rd6 Rh1 48. b4 Rb1 49. Kb3 Ra1 50. c4 Nc1+ 51. Kc2 Ne2 52. Re6+ Kf3
53. Kd2 Nd4 54. Re3+ Kf4 55. Re8 1/2-1/2

[Event "SRB Team Chmp 2007"]
[Site "Zlatibor"]
[Date "2007.08.22"]
[Round "2.4"]
[White "Pavlovic, Goran"]
[Black "Martinovic, Slobodan"]
[Result "1/2-1/2"]
[WhiteElo "2372"]
[BlackElo "2447"]
[PlyCount "50"]
[EventDate "2007.08.21"]

1. d4 Nf6 2. c4 e6 3. Nf3 c5 4. Nc3 cxd4 5. Nxd4 a6 6. e4 d6 7. Be2 Be7 8. O-O
Bd7 9. Be3 Nc6 10. Rc1 O-O 11. f3 Qb8 12. Rf2 Rc8 13. Nxc6 Bxc6 14. Bf1 b5 15.
b3 Qb7 16. Rfc2 bxc4 17. Bxc4 Nd7 18. Bf1 h6 19. Ne2 Ne5 20. Nd4 Bd7 21. Rxc8+
Rxc8 22. Rxc8+ Bxc8 23. Qc2 Bd7 24. Be2 Bf6 25. Qd2 Bc8 1/2-1/2

[Event "SRB Team Chmp 2007"]
[Site "Zlatibor"]
[Date "2007.08.22"]
[Round "2.4"]
[White "Kostic, Vladimir G"]
[Black "Barlov, Dragan"]
[Result "1/2-1/2"]
[WhiteElo "2395"]
[BlackElo "2469"]
[PlyCount "34"]
[EventDate "2007.08.21"]

1. e4 c5 2. Nf3 e6 3. d4 cxd4 4. Nxd4 a6 5. Be2 Nf6 6. Nc3 Qc7 7. O-O Nc6 8.
Nxc6 bxc6 9. Bd3 e5 10. Qe2 Be7 11. b3 O-O 12. Kh1 d6 13. Na4 a5 14. c4 Bg4 15.
f3 Be6 16. Be3 c5 17. Nc3 Nd7 1/2-1/2

[Event "SRB Team Chmp 2007"]
[Site "Zlatibor"]
[Date "2007.08.22"]
[Round "2.4"]
[White "Martic, Ivan"]
[Black "Zlatic, Mihajlo"]
[Result "1/2-1/2"]
[WhiteElo "2311"]
[BlackElo "2450"]
[PlyCount "57"]
[EventDate "2007.08.21"]

1. e4 c5 2. Nf3 Nc6 3. d4 cxd4 4. Nxd4 Nf6 5. Nc3 d6 6. Bg5 e6 7. Qd2 Be7 8.
O-O-O Nxd4 9. Qxd4 O-O 10. f4 Qa5 11. Rd3 Rd8 12. Rg3 Kh8 13. Bd3 e5 14. Qe3
Be6 15. Kb1 exf4 16. Qxf4 Qe5 17. Qh4 Re8 18. Nd5 Bxd5 19. exd5 g6 20. Re3 Ne4
21. Bxe7 Nd2+ 22. Kc1 Qxe3 23. Re1 Nb3+ 24. Kb1 Nd2+ 25. Ka1 Qc5 26. Qf4 Rxe7
27. Qf6+ Kg8 28. Qxe7 b5 29. Qe3 1/2-1/2

[Event "SRB Team Chmp 2007"]
[Site "Zlatibor"]
[Date "2007.08.22"]
[Round "2.5"]
[White "Markus, Robert"]
[Black "Naiditsch, Arkadij"]
[Result "1/2-1/2"]
[WhiteElo "2586"]
[BlackElo "2652"]
[PlyCount "37"]
[EventDate "2007.08.21"]

1. d4 Nf6 2. c4 e6 3. Nf3 Bb4+ 4. Bd2 c5 5. g3 Bxd2+ 6. Qxd2 cxd4 7. Bg2 d5 8.
O-O dxc4 9. Qxd4 Nc6 10. Qxc4 O-O 11. Nc3 Bd7 12. Rfd1 Qe7 13. Nd4 Rfc8 14.
Ndb5 Ne8 15. Qf4 a6 16. Nd6 Nxd6 17. Qxd6 Qxd6 18. Rxd6 Be8 19. Rad1 1/2-1/2

[Event "SRB Team Chmp 2007"]
[Site "Zlatibor"]
[Date "2007.08.22"]
[Round "2.5"]
[White "Miladinovic, Igor"]
[Black "Popovic, Petar"]
[Result "1-0"]
[WhiteElo "2605"]
[BlackElo "2474"]
[PlyCount "81"]
[EventDate "2007.08.21"]

1. d4 Nf6 2. c4 g6 3. Nc3 d5 4. Nf3 Bg7 5. Bg5 Ne4 6. Bf4 c6 7. e3 O-O 8. Bd3
Nxc3 9. bxc3 dxc4 10. Bxc4 Nd7 11. Bg3 Qa5 12. Rc1 b5 13. Bb3 Bb7 14. O-O c5
15. c4 bxc4 16. Rxc4 Rac8 17. Ra4 Qb6 18. d5 Ba6 19. Bc4 Bxc4 20. Rxc4 Qb5 21.
Re4 Rfe8 22. d6 exd6 23. Rxe8+ Rxe8 24. Qxd6 c4 25. Nd4 Qb7 26. h4 Nf6 27. Rc1
Ne4 28. Qc7 Qb2 29. Rxc4 Nxg3 30. Qxg3 Qxa2 31. Qc7 Be5 32. Qc6 Rb8 33. g3 Kg7
34. Qd5 Qa1+ 35. Kg2 Bxd4 36. Rxd4 Qb2 37. Qe5+ Kh6 38. g4 Qb7+ 39. Kh2 Rc8 40.
g5+ Kh5 41. Qg7 1-0

[Event "SRB Team Chmp 2007"]
[Site "Zlatibor"]
[Date "2007.08.22"]
[Round "2.5"]
[White "Kovacevic, Aleksandar"]
[Black "Perunovic, Milos"]
[Result "1-0"]
[WhiteElo "2566"]
[BlackElo "2589"]
[PlyCount "73"]
[EventDate "2007.08.21"]

1. e4 c5 2. Nf3 Nc6 3. d4 cxd4 4. Nxd4 Nf6 5. Nc3 d6 6. f3 e5 7. Nb3 Be7 8. Be3
O-O 9. Qd2 a5 10. Bb5 Na7 11. Bd3 Nc6 12. a3 a4 13. Nc1 Be6 14. Bb5 d5 15. exd5
Nxd5 16. Nxd5 Bxd5 17. Ne2 Bh4+ 18. Kf1 Na5 19. Bc5 Rc8 20. Bxf8 Qb6 21. g3
Bxf3 22. gxh4 Qxb5 23. Bxg7 Bxe2+ 24. Ke1 Bg4 25. Bf6 h6 26. Rg1 Qc4 27. Qd3
Kf8 28. Qd6+ Kg8 29. Qd3 Kf8 30. Rd1 Qxd3 31. Rxd3 Bf5 32. Rdg3 Bh7 33. Rg7 Rc6
34. Bd8 Bg6 35. R7xg6 fxg6 36. Bxa5 Rxc2 37. Rxg6 1-0

[Event "SRB Team Chmp 2007"]
[Site "Zlatibor"]
[Date "2007.08.22"]
[Round "2.5"]
[White "Cabrilo, Goran"]
[Black "Solak, Dragan"]
[Result "1/2-1/2"]
[WhiteElo "2496"]
[BlackElo "2566"]
[PlyCount "43"]
[EventDate "2007.08.21"]

1. e4 d5 2. exd5 Qxd5 3. Nc3 Qa5 4. Bc4 Nf6 5. Nf3 c6 6. O-O Bf5 7. d4 e6 8.
Bf4 Nbd7 9. a3 Be7 10. Re1 O-O 11. h3 Nd5 12. Nxd5 cxd5 13. Bd3 Bxd3 14. Qxd3
Rac8 15. c3 Qb6 16. Re2 Bd6 17. Ng5 g6 18. Bxd6 Qxd6 19. Rae1 Qf4 20. Nf3 a6
21. g3 Qf5 22. Qxf5 1/2-1/2

[Event "SRB Team Chmp 2007"]
[Site "Zlatibor"]
[Date "2007.08.22"]
[Round "2.5"]
[White "Nevednichy, Vladislav"]
[Black "Jeremic, Veljko"]
[Result "1/2-1/2"]
[WhiteElo "2523"]
[BlackElo "2523"]
[PlyCount "59"]
[EventDate "2007.08.21"]

1. e4 e6 2. d4 d5 3. Nd2 c5 4. exd5 Qxd5 5. Ngf3 cxd4 6. Bc4 Qd6 7. O-O Nf6 8.
Nb3 Nc6 9. Nbxd4 Nxd4 10. Nxd4 a6 11. Re1 Qc7 12. Qe2 Bd7 13. Bg5 O-O-O 14. a4
Bb4 15. c3 Bd6 16. h3 Kb8 17. a5 h6 18. Be3 Rc8 19. Bb3 Bh2+ 20. Kh1 Bf4 21.
Nf3 Bb5 22. Bxf4 Qxf4 23. Qe5+ Qxe5 24. Nxe5 Rhf8 25. c4 Bc6 26. Ba4 Bxa4 27.
Rxa4 Rc7 28. Rd1 Kc8 29. Ra3 Nd7 30. Nxd7 1/2-1/2

[Event "SRB Team Chmp 2007"]
[Site "Zlatibor"]
[Date "2007.08.22"]
[Round "2.6"]
[White "Sedlak, Nikola"]
[Black "Predojevic, Borki"]
[Result "1/2-1/2"]
[WhiteElo "2590"]
[BlackElo "2628"]
[PlyCount "39"]
[EventDate "2007.08.21"]

1. e4 e5 2. Nf3 Nc6 3. Bc4 Nf6 4. d3 Bc5 5. c3 d6 6. Bb3 a6 7. O-O Ba7 8. Re1
O-O 9. h3 Be6 10. Bc2 Re8 11. Nbd2 h6 12. Nf1 d5 13. Qe2 Qd7 14. Ng3 Rad8 15.
Nh4 Bxh3 16. gxh3 Qxh3 17. Nhf5 Ng4 18. Be3 Qh2+ 19. Kf1 Qh3+ 20. Kg1 1/2-1/2

[Event "SRB Team Chmp 2007"]
[Site "Zlatibor"]
[Date "2007.08.22"]
[Round "2.6"]
[White "Markovic, Miroslav"]
[Black "Popovic, Dusan"]
[Result "0-1"]
[WhiteElo "2442"]
[BlackElo "2551"]
[PlyCount "50"]
[EventDate "2007.08.21"]

1. e4 c5 2. c3 d5 3. d3 Nc6 4. Nf3 Bg4 5. Qb3 Nf6 6. Qxb7 Rc8 7. Qb5 Bxf3 8.
gxf3 e6 9. Be3 Qc7 10. d4 cxd4 11. Bxd4 Nd7 12. Be3 d4 13. Bc1 dxc3 14. Nxc3
Nd4 15. Qa4 Bb4 16. Bd2 Nxf3+ 17. Ke2 Nd4+ 18. Kd1 Bc5 19. Rc1 Qe5 20. Be2 Rd8
21. f4 Qd6 22. e5 Qe7 23. Ne4 O-O 24. Nxc5 Nxc5 25. Qb4 Rd5 0-1

[Event "SRB Team Chmp 2007"]
[Site "Zlatibor"]
[Date "2007.08.22"]
[Round "2.6"]
[White "Jovanovic, Zoran"]
[Black "Tadic, Branko"]
[Result "0-1"]
[WhiteElo "2537"]
[BlackElo "2500"]
[PlyCount "148"]
[EventDate "2007.08.21"]

1. e4 e6 2. d4 d5 3. Nc3 Nf6 4. Bg5 Be7 5. e5 Nfd7 6. Bxe7 Qxe7 7. f4 a6 8. Nf3
c5 9. Bd3 cxd4 10. Ne2 Qb4+ 11. Qd2 Qxb2 12. O-O Nc6 13. f5 exf5 14. Qg5 O-O
15. Qxf5 Nf6 16. Qf4 Ne4 17. Bxe4 dxe4 18. Qxe4 h6 19. Nexd4 Nxd4 20. Nxd4 Rd8
21. Nf5 Bxf5 22. Qxf5 Qb6+ 23. Rf2 Qe6 24. Qxe6 fxe6 25. a4 Rd5 26. Rb1 b5 27.
axb5 axb5 28. Re2 Rc8 29. Rb4 Rcc5 30. Kf2 Rxe5 31. Rxe5 Rxe5 32. c4 bxc4 33.
Rxc4 Kf7 34. Rc7+ Kf6 35. h3 Ra5 36. Rb7 h5 37. Rb8 Ra2+ 38. Kf3 Ra3+ 39. Kf2
h4 40. Rb4 g5 41. Rb8 Kf5 42. Rf8+ Ke4 43. Rg8 Ra5 44. Rb8 Ra2+ 45. Kg1 e5 46.
Rg8 Kf4 47. Rf8+ Ke3 48. Rg8 e4 49. Rxg5 Ra1+ 50. Kh2 Kd4 51. Rg8 e3 52. Rd8+
Kc3 53. Rc8+ Kd2 54. Rd8+ Ke1 55. g3 Ra2+ 56. Kg1 hxg3 57. h4 Rh2 58. Rh8 e2
59. h5 Kd2 60. Rd8+ Ke3 61. Re8+ Kf3 62. h6 Rxh6 63. Rf8+ Ke3 64. Re8+ Kd2 65.
Rd8+ Ke1 66. Kg2 Rf6 67. Rd7 Rf2+ 68. Kg1 Rf3 69. Kg2 Rc3 70. Rd8 Rc1 71. Ra8
Kd2 72. Rd8+ Kc2 73. Rc8+ Kb2 74. Rb8+ Ka3 0-1

[Event "SRB Team Chmp 2007"]
[Site "Zlatibor"]
[Date "2007.08.22"]
[Round "2.6"]
[White "Leskur, Dejan"]
[Black "Pavlovic, Milos M"]
[Result "1/2-1/2"]
[WhiteElo "2482"]
[BlackElo "2438"]
[PlyCount "55"]
[EventDate "2007.08.21"]

1. e4 e5 2. Nf3 Nc6 3. Bb5 a6 4. Ba4 Nf6 5. O-O Be7 6. Re1 d6 7. c3 Bg4 8. h3
Bh5 9. d3 Nd7 10. Nbd2 Nc5 11. Bc2 Ne6 12. Nf1 Ng5 13. Bxg5 Bxg5 14. Ng3 Bxf3
15. Qxf3 g6 16. Rad1 Qf6 17. Qxf6 Bxf6 18. Rf1 O-O 19. f4 Rad8 20. Ne2 Kg7 21.
g3 Be7 22. Kg2 d5 23. fxe5 Nxe5 24. exd5 Rxd5 25. Nf4 Rd7 26. Bb3 Nc6 27. a3
Bd6 28. d4 1/2-1/2

[Event "SRB Team Chmp 2007"]
[Site "Zlatibor"]
[Date "2007.08.22"]
[Round "2.6"]
[White "Nestorovic, Nikola"]
[Black "Popov, Sinisa S"]
[Result "1/2-1/2"]
[WhiteElo "2424"]
[BlackElo "2481"]
[PlyCount "74"]
[EventDate "2007.08.21"]

1. e4 c5 2. Nf3 Nc6 3. d4 cxd4 4. Nxd4 e5 5. Nb5 d6 6. c4 Be7 7. Bd3 a6 8. N5a3
Bg5 9. Nc3 h6 10. O-O Nf6 11. Nc2 Be6 12. b3 Bxc1 13. Rxc1 O-O 14. Qd2 Qb6 15.
Kh1 Rac8 16. Ne3 Qa5 17. f4 exf4 18. Rxf4 Qg5 19. Rcf1 Ne5 20. Be2 Rfd8 21. Bd1
h5 22. Ncd5 Nxd5 23. exd5 Bd7 24. Qd4 g6 25. Qb6 Re8 26. Qxd6 b5 27. c5 Rcd8
28. Qf6 Qxf6 29. Rxf6 Nd3 30. Nc2 Nxc5 31. Nd4 Bc8 32. Bf3 Ne4 33. Bxe4 Rxe4
34. Nc6 Rxd5 35. Rxf7 Rf5 36. R7xf5 Bxf5 37. Kg1 Kf7 1/2-1/2